Vplyv klimatických podmienok na výkon turbogenerátora v jadrovej elektrárni

Uložené v:
Podrobná bibliografia
Hlavný autor: Šimek, Martin (Autor)
Ďalší autori: Urban, František (Vedúci práce)
Médium: Rukopis Kniha
Jazyk:Slovak
Vydavateľské údaje: 2015
Predmet:
On-line prístup:http://is.stuba.sk/zp/portal_zp.pl?podrobnosti=99950
Tagy: Pridať tag
Žiadne tagy, Buďte prvý, kto otaguje tento záznam!

MARC

LEADER 00000ntm a22000003a 4500
001 stuzp52534
003 SK-STU
005 20160719154213.5
007 ta
008 150427s2015----xo-----f-mn---000-0-slo-d
040 |a STU  |b slo 
041 0 |a slo 
100 1 |a Šimek, Martin  |u 020060  |4 aut  |U SjF Strojnícka fakulta  |T SjF Ústav tepelnej energetiky  |X 42791  |U J0060  |Y 805  |7 42791 
242 0 1 |a The impact of climatic conditions on the performance of turbine generator in nuclear power plant  |y eng 
245 1 0 |a Vplyv klimatických podmienok na výkon turbogenerátora v jadrovej elektrárni 
260 |c 2015 
650 4 |a sekundárny okruh  |2 slo 
650 4 |a vnútorný výkon  |2 slo 
650 4 |a svorkový výkon  |2 slo 
650 4 |a turbína  |2 slo 
650 4 |a kondenzátor  |2 slo 
650 4 |a internal performance  |2 eng 
650 4 |a clamp performance  |2 eng 
650 4 |a turbine  |2 eng 
650 4 |a condenser  |2 eng 
650 4 |a secondary circuit  |2 eng 
700 1 |a Urban, František  |4 ths  |X 2435  |7 A000002435 
856 4 |u http://is.stuba.sk/zp/portal_zp.pl?podrobnosti=99950 
996 |b 284J043718  |c J* 2008/BP  |l JJSK  |s A  |a 24  |w stuzp52534_0001 
SQL |a stuzp52534  |b DBP  |c SLO  |d Vplyv klimatických podmienok na výkon turbogenerátora v jadrovej elektrárni  |e 42791  |f Šimek, Martin  |g 020060  |h 2435  |i Urban, František  |j 20150821  |k 44  |l 02  |m http://is.stuba.sk/zp/portal_zp.pl?podrobnosti=99950  |n B-ESTR  |o 5.2.29. energetika